000 00979nam a2200301 a 4500
001 000013128
003 DO-SdBNP
005 20250128091805.0
007 ta
008 091120s2002 dr 000 f spa d
020 _a9993486116
040 _aDO-SdBNP
_bspa
_cBNPHU
_erda
082 4 _aRD863.44
_bV145c
_222
100 1 _aValdez, Pedro Antonio,
_d1968-
_eautor
_4aut.
_922509
245 1 0 _aCarnaval de Sodoma /
_cPedro Antonio Valdez.
264 4 _aSanto Domingo, República Dominicana :
_bEditora Santillana,
_c©2002.
300 _a436 páginas ;
_c23 cm.
336 _atexto
_btxt
_2rdacontent
337 _asin mediación
_bn
_2rdamedia
338 _avolumen
_bnc
_2rdacarrier
490 _aAlfaguara
500 _aIncluye datos biográficos del autor en la solapa de la cubierta
590 _aInventariado, 2020/VM
650 4 _aNovela dominicana
_9223
650 4 _aLiteratura dominicana.
_967
910 _aValidado. Control de calidad MMOLINA
942 _2ddc
_cLBS1
999 _c12770
_d12770